Как потушить факелы на российских нефтепромыслах: институциональный анализ условий комплексного использования углеводородов (на примере попутного нефтяного газа)

Dettagli Bibliografici
Ente Autore: Российская академия наук (РАН) Сибирское отделение (СО) Институт экономики и организации промышленного производства (ИЭОПП)
Altri autori: Крюков В. А. (редактор), Силкин В. Ю., Токарев А. Н., Шмат В. В., Кулешов В. В.
Riassunto:В монографии рассмотрены проблемы формирования институциональных условий, направленных на комплексное использование ресурсов попутного нефтяного газа. Рассмотрены проблемы государственного регулирования процессов утилизации и использования попутного газа в России и за рубежом. Обоснованы рекомендации по обеспечению недискриминационного доступа сухого отбензиненного газа к газотранспортной системе на основе балансов производства и потребления газа. Подробно рассмотрены проблемы привлечения инвестиций в комплексные программы утилизации и переработки попутного газа. Приведены оценки и выводы авторов, полученные на основе разработанного аналитического инструментария.Книга предназначена для специалистов по проблемам государственного регулирования, а также для всех тех, кто изучает экономические вопросы развития нефтегазового сектора.
Lingua:russo
Pubblicazione: Новосибирск, Изд-во ИЭОПП СО РАН, 2008
Soggetti:
Natura: MixedMaterials Libro
KOHA link:https://koha.lib.tpu.ru/cgi-bin/koha/opac-detail.pl?biblionumber=225578

MARC

LEADER 00000nam0a2200000 4500
001 225578
005 20231101230656.0
010 |a 9785896651628 
035 |a (RuTPU)RU\TPU\book\245931 
090 |a 225578 
100 |a 20121113d2008 k y0rusy50 ca 
101 0 |a rus 
102 |a RU 
105 |a a z 001zy 
200 1 |a Как потушить факелы на российских нефтепромыслах: институциональный анализ условий комплексного использования углеводородов (на примере попутного нефтяного газа)  |f В. А. Крюков [и др.]  |g Российская академия наук (РАН), Сибирское отделение (СО), Институт экономики и организации промышленного производства (ИЭОПП); под ред. В. В. Кулешова 
210 |a Новосибирск  |c Изд-во ИЭОПП СО РАН  |d 2008 
215 |a 337 с.  |c ил. 
320 |a Библиогр.: с. 286-291. 
330 |a В монографии рассмотрены проблемы формирования институциональных условий, направленных на комплексное использование ресурсов попутного нефтяного газа. Рассмотрены проблемы государственного регулирования процессов утилизации и использования попутного газа в России и за рубежом. Обоснованы рекомендации по обеспечению недискриминационного доступа сухого отбензиненного газа к газотранспортной системе на основе балансов производства и потребления газа. Подробно рассмотрены проблемы привлечения инвестиций в комплексные программы утилизации и переработки попутного газа. Приведены оценки и выводы авторов, полученные на основе разработанного аналитического инструментария.Книга предназначена для специалистов по проблемам государственного регулирования, а также для всех тех, кто изучает экономические вопросы развития нефтегазового сектора. 
606 1 |a Нефтяной газ, попутный  |2 stltpush  |3 (RuTPU)RU\TPU\subj\68710  |9 83876 
610 1 |a утилизация 
610 1 |a Россия 
610 1 |a комплексное использование 
610 1 |a государственное регулирование 
610 1 |a переработка 
610 1 |a инвестиции 
610 1 |a экономические условия 
610 1 |a сжигание 
610 1 |a финансирование 
675 |a 665.61  |v 3 
701 1 |a Крюков  |b В. А. 
701 1 |a Силкин  |b В. Ю. 
701 1 |a Токарев  |b А. Н. 
701 1 |a Шмат  |b В. В. 
702 1 |a Кулешов  |b В. В.  |4 340 
712 0 2 |a Российская академия наук (РАН)  |b Сибирское отделение (СО)  |b Институт экономики и организации промышленного производства (ИЭОПП)  |c (Новосибирск)  |2 stltpush  |3 (RuTPU)RU\TPU\col\1303 
801 1 |a RU  |b 63413507  |c 20121113 
801 2 |a RU  |b 63413507  |c 20150402  |g RCR 
942 |c BK